Человек не отсюда

Detalles Bibliográficos
Autor Principal: Гранин Д. А. Даниил Александрович
Summary:В новой книге Даниила Гранина тесно переплелось художественное с документальным. История в этих текстах становится фактом частной жизни, а частная жизнь — фактом истории. И это дает возможность каждому читателю почувствовать себя включенным в большое время. Если в своих первых, ставших культовыми для нескольких поколений, книгах Гранин учит, как менять судьбу, то теперь он показывает, как следовать ей.Даниил Гранин (р. 1919) — классик современной литературы. Его романы «Искатели», «Иду на грозу», «Зубр», эссе «Эта стран­ная жизнь» и «Страх», повести «Прекрасная Ута», «Сад камней», «Месяц вверх ногами», «Дождь в чужом городе» — настольные книги нескольких читающих поколений. Уже в XXI веке роман Даниила Гранина «Мой лейтенант» стал лауреатом националь­ной литературной премии «Большая книга» (2012).Д. А. Гранин — почетный гражданин Санкт-Петербурга, пред­седатель правления Фонда им. Д. С. Лихачева.
Idioma:ruso
Publicado: Санкт-Петербург, Лениздат, 2014
Subjects:
Formato: MixedMaterials Libro
KOHA link:https://koha.lib.tpu.ru/cgi-bin/koha/opac-detail.pl?biblionumber=305343

MARC

LEADER 00000nam0a2200000 4500
001 305343
005 20231102001806.0
010 |a 9785445307587 
035 |a (RuTPU)RU\TPU\book\330611 
090 |a 305343 
100 |a 20150925d2014 m y0rusy50 ca 
101 0 |a rus 
102 |a RU 
105 |a y z 000ay 
200 1 |a Человек не отсюда  |f Д. Гранин 
210 |a Санкт-Петербург  |c Лениздат  |d 2014 
215 |a 320 с. 
330 |a В новой книге Даниила Гранина тесно переплелось художественное с документальным. История в этих текстах становится фактом частной жизни, а частная жизнь — фактом истории. И это дает возможность каждому читателю почувствовать себя включенным в большое время. Если в своих первых, ставших культовыми для нескольких поколений, книгах Гранин учит, как менять судьбу, то теперь он показывает, как следовать ей.Даниил Гранин (р. 1919) — классик современной литературы. Его романы «Искатели», «Иду на грозу», «Зубр», эссе «Эта стран­ная жизнь» и «Страх», повести «Прекрасная Ута», «Сад камней», «Месяц вверх ногами», «Дождь в чужом городе» — настольные книги нескольких читающих поколений. Уже в XXI веке роман Даниила Гранина «Мой лейтенант» стал лауреатом националь­ной литературной премии «Большая книга» (2012).Д. А. Гранин — почетный гражданин Санкт-Петербурга, пред­седатель правления Фонда им. Д. С. Лихачева. 
606 1 |a Русская литература современная  |2 stltpush  |3 (RuTPU)RU\TPU\subj\26373  |9 50316 
610 1 |a история 
610 1 |a документальная проза 
675 |a Р2  |v 4 
700 1 |a Гранин  |b Д. А.  |c русский писатель  |c настоящая фамилия Герман  |f 1919 -2017  |g Даниил Александрович  |2 stltpush  |3 (RuTPU)RU\TPU\pers\11898  |9 3007 
801 1 |a RU  |b 63413507  |c 20150925 
801 2 |a RU  |b 63413507  |c 20181220  |g RCR 
942 |c BK 
959 |a 122/20150924  |d 1  |e 484,00  |f ХФ:1